東北本線・IGRいわて銀河鉄道・青い森鉄道の駅名 - Statistics

General Stats
  • This quiz has been taken 11 times
  • The average score is 100 of 194
Answer Stats
答え % Correct
上野
91%
赤羽
82%
大宮
82%
東京
82%
神田
82%
秋葉原
82%
御徒町
82%
日暮里
82%
西日暮里
73%
東十条
73%
川口
73%
西川口
73%
浦和
73%
鶯谷
73%
田端
73%
王子
64%
南浦和
64%
与野
64%
さいたま新都心
64%
白岡
64%
盛岡
64%
二戸
64%
金田一温泉
64%
八戸
64%
陸奥市川
64%
三沢
64%
野辺地
64%
浅虫温泉
64%
東青森
64%
青森
64%
尾久
64%
北赤羽
64%
上中里
64%
北浦和
55%
土呂
55%
東大宮
55%
新白岡
55%
久喜
55%
東鷲宮
55%
栗橋
55%
古河
55%
野木
55%
間々田
55%
小山
55%
小金井
55%
自治医大
55%
石橋
55%
雀宮
55%
宇都宮
55%
岡本
55%
宝積寺
55%
氏家
55%
蒲須坂
55%
矢板
55%
野崎
55%
西那須野
55%
那須塩原
55%
黒磯
55%
高久
55%
黒田原
55%
豊原
55%
新白河
55%
白河
55%
久田野
55%
泉崎
55%
矢吹
55%
鏡石
55%
須賀川
55%
郡山
55%
日和田
55%
五百川
55%
本宮
55%
杉田
55%
二本松
55%
安達
55%
松川
55%
金谷川
55%
南福島
55%
福島
55%
東福島
55%
伊達
55%
桑折
55%
藤田
55%
貝田
55%
越河
55%
白石
55%
大河原
55%
船岡
55%
槻木
55%
岩沼
55%
館腰
55%
名取
55%
南仙台
55%
太子堂
55%
長町
55%
仙台
55%
東仙台
55%
岩切
55%
陸前山王
55%
国府多賀城
55%
塩釜
55%
松島
55%
愛宕
55%
品井沼
55%
鹿島台
55%
松山町
55%
小牛田
55%
田尻
55%
瀬峰
55%
梅ヶ沢
55%
新田
55%
石越
55%
花泉
55%
清水原
55%
有壁
55%
一ノ関
55%
平泉
55%
前沢
55%
陸中折居
55%
金ヶ崎
55%
六原
55%
北上
55%
村崎野
55%
花巻
55%
石鳥谷
55%
紫波中央
55%
岩手飯岡
55%
仙北町
55%
渋民
55%
好摩
55%
いわて沼宮内
55%
一戸
55%
目時
55%
三戸
55%
戸田公園
55%
戸田
55%
北戸田
55%
武蔵浦和
55%
中浦和
55%
南与野
55%
与野本町
55%
北与野
55%
新利府
55%
利府
55%
片岡
45%
白坂
45%
東白石
45%
北白川
45%
油島
45%
山ノ目
45%
水沢
45%
花巻空港
45%
日詰
45%
古館
45%
矢幅
45%
厨川
45%
巣子
45%
岩手川口
45%
西平内
45%
野内
45%
筒井
45%
浮間舟渡
45%
青山
36%
奥中山高原
36%
小繋
36%
小鳥谷
36%
北高岩
36%
下田
36%
乙供
36%
千曳
36%
矢田前
36%
御堂
27%
剣吉
27%
小川原
27%
上北町
27%
清水川
27%
小湊
27%
小柳
27%
田端信号場
18%
宇都宮貨物ターミナル
18%
郡山貨物ターミナル
18%
盛岡貨物ターミナル
18%
諏訪ノ平
18%
苫米地
18%
八戸貨物
18%
向山
18%
狩場沢
18%
青森信号場
18%
仙台貨物ターミナル
18%
蓮田
9%
安積長盛
9%
矢野目信号場
9%
東仙台信号場
9%
斗米
9%
No matching quizzes found
Score Distribution
Percent of People with Each Score
Percentile by Number Answered
Your Score History
You have not taken this quiz